| 000 | 02603 a2200313 4500 | ||
|---|---|---|---|
| 003 | BJBSDDR | ||
| 005 | 20241106121334.0 | ||
| 007 | ta | ||
| 008 | 241002s2011 mx 00| 0 spa d | ||
| 020 | _a9786070225901 | ||
| 020 | _a6070225902 | ||
| 040 |
_bspa _cBJBSDDR |
||
| 041 | _aspa | ||
| 050 | 1 | 4 |
_aJV 6035 _bD541 2011 |
| 245 | 0 | 0 |
_aDiásporas : _breflexiones teóricas / _cNattie Golubov ; Universidad Nacional Autónoma de México Centro de Investigaciones sobre América del Norte. |
| 260 |
_aMéxico : _bUniversidad Nacional Autónoma de México (UNAM), _bCentro de Investigaciones sobre América del Norte (CISAN), _c2011. |
||
| 300 |
_a244 páginas ; _c23 cm. |
||
| 500 | _aEn español. Incluye artículos publicados anteriormente traducidos del inglés o francés | ||
| 505 | 0 | _aLas diásporas en las sociedades modernas : mitos de la patria y el retorno / William Safran -- La reconsideración de Diaspora y las diásporas : poder sin Estado en el momento transnacional / Khachig Tölölyan -- Diásporas / James Clifford -- Pensar en la diáspora: en casa desde el extranjero / Stuart Hall -- Del Estado-nación al mundo transnacional. Sobre el sentido y la utilidad del concepto de diáspora / Dominique Schnapper -- Moviemientos transnacionales, diáspora y modernidades múltiples / Stanley J. Tambiah -- Estudios sobre la diáspora : nuevos conceptos, enfoques y realidades? / José C. Moya -- Diáspora : genealogías semánticas y la comparación transcultural / Martin Baumann. | |
| 520 | _aDesde diversas perspectivas disciplinarias y comparativas, los artículos de esta obra dialogan entre sí y trazan un mapa comprehensivo de la conformación del discurso de la diáspora —uno de los conceptos más difundidos y debatidos en las discusiones relativas a la migración transnacional—. Además analizan su relación con las identidades etnonacionales y su vínculo con el Estado, el multiculturalismo, la conciencia e identidad diaspóricas, la hibridez cultural que resulta de la interacción de culturas, el papel del nacionalismo y la memoria en la formación de sentido de pertenencia y arraigo, y otros temas que tocan muy de cerca el asunto de las comunidades que migran. | ||
| 650 | 4 |
_aEmigración e inmigración _94689 |
|
| 650 | 4 |
_aEstado, El _92763 |
|
| 650 | 4 |
_aGrupos étnicos transfronterizos _939365 |
|
| 650 | 4 |
_aTransnacionalismo _92902 |
|
| 700 | 1 |
_aGolubov, Nattie _938702 _eeditora |
|
| 710 | 2 |
_aUniversidad Nacional Autónoma de México. _bCentro de Investigaciones sobre América del Norte _939366 |
|
| 942 |
_2lcc _cBK |
||
| 946 | _irmza | ||
| 999 |
_c122126 _d122126 |
||